[Event "LTU-chT"]
[Site "Lithuania"]
[Date "2019.01.26"]
[Round "1.10"]
[White "Lileikis, Antanas"]
[Black "Liandzbergas, Mykolas"]
[Result "1/2-1/2"]
[WhiteElo "1950"]
[BlackElo "1442"]
[PlyCount "89"]
[EventDate "2019.01.26"]
[EventType "team-swiss"]
[EventRounds "7"]
[EventCountry "LTU"]
[SourceTitle "CBM 188 Extra"]
[Source "ChessBase"]
[SourceDate "2019.02.28"]
[SourceVersion "1"]
[SourceVersionDate "2019.02.28"]
[SourceQuality "1"]
[WhiteTeam "Marijampole Suduva"]
[BlackTeam "Marijampole Suduvos Ateitis"]
[WhiteTeamCountry "LTU"]
[BlackTeamCountry "LTU"]

1. d4 e6 2. e4 d5 3. Bd3 Ne7 4. e5 Nf5 5. Nf3 c5 6. c3 Qb6 7. g4 Ne7 8. 0-0 Ng6 9. Na3 Nc6 10. Nc2 Be7 11. b3 Bd7 12. Be3 0-0 13. g5 cxd4 14. cxd4 Nb4 15. Nxb4 Bxb4 16. a3 Be7 17. h4 Bb5 18. h5 Bxd3 19. Qxd3 Nh8 20. Rac1 Rac8 21. b4 a5 22. Bd2 axb4 23. Qb3 Qb5 24. Bxb4 Bxb4 25. axb4 Rxc1 26. Rxc1 Qe2 27. Qe3 Qb2 28. Qc3 Qe2 29. Re1 Qa2 30. Re3 Qb1+ 31. Kg2 Qf5 32. Kg3 h6 33. Qd3 Qxd3 34. Rxd3 Rc8 35. gxh6 gxh6 36. b5 Rc4 37. Rb3 Kg7 38. Kf4 f5 39. Ke3 Nf7 40. Nd2 Ra4 41. f4 Nd8 42. Rc3 Rb4 43. Rb3 Ra4 44. Rc3 Rb4 45. Rb3 1/2-1/2

[Event "Wch U12 rapid"]
[Site "Minsk"]
[Date "2018.06.22"]
[Round "2"]
[White "Liandzbergas, Mykolas"]
[Black "Mitusov, Semen"]
[Result "0-1"]
[WhiteElo "1636"]
[BlackElo "2030"]
[PlyCount "64"]
[EventDate "2018.06.22"]
[EventType "swiss (rapid)"]
[EventRounds "9"]
[EventCountry "BLR"]
[SourceTitle "EXT 2019"]
[Source "ChessBase"]
[SourceDate "2018.10.10"]
[SourceVersion "1"]
[SourceVersionDate "2018.10.10"]
[SourceQuality "1"]

1. e4 e5 2. Nf3 Nc6 3. d4 exd4 4. c3 dxc3 5. Nxc3 Bb4 6. Bc4 Nf6 7. e5 Bxc3+ 8. bxc3 Ng8 9. Bg5 Nge7 10. 0-0 0-0 11. Re1 Qe8 12. Qc2 Nd8 13. h4 Ne6 14. Bxe6 dxe6 15. Bxe7 Qxe7 16. Ng5 g6 17. Ne4 Qxh4 18. Nf6+ Kg7 19. Re4 Qg5 20. Rae1 h5 21. R1e3 b6 22. Rg3 Qf5 23. Qe2 Rd8 24. Nxh5+ Kf8 25. Nf6 Bb7 26. Rh4 Ke7 27. Ng4 Qb1+ 28. Kh2 Rd1 29. Kh3 Rh1+ 30. Nh2 Qg1 31. Rf4 Qxh2+ 32. Kg4 Qh5# 0-1

[Event "Plunge op 37th"]
[Site "Plateliai"]
[Date "2017.07.18"]
[Round "2"]
[White "Liandzbergas, Mykolas"]
[Black "Griksaite, Egle"]
[Result "1-0"]
[WhiteElo "1425"]
[BlackElo "1011"]
[PlyCount "60"]
[EventDate "2017.07.17"]
[EventType "swiss"]
[EventRounds "9"]
[EventCountry "LTU"]
[SourceTitle "EXT 2019"]
[Source "ChessBase"]
[SourceDate "2018.10.10"]
[SourceVersion "1"]
[SourceVersionDate "2018.10.10"]
[SourceQuality "1"]

1. e4 e5 2. Nf3 Nc6 3. d4 exd4 4. c3 d6 5. cxd4 Bg4 6. Bc4 Nf6 7. Nc3 Be7 8. d5 Ne5 9. Be2 Qd7 10. Nxe5 dxe5 11. Bxg4 Nxg4 12. h3 Nf6 13. 0-0 0-0 14. Be3 Rfd8 15. Qe2 Bb4 16. Bg5 Qd6 17. Na4 Qe7 18. Rac1 Rd7 19. Bxf6 gxf6 20. f4 a6 21. Nc3 Bc5+ 22. Kh1 Bd4 23. f5 Rc8 24. b3 c6 25. Rfd1 cxd5 26. Nxd5 Qd8 27. Rxc8 Qxc8 28. Nxf6+ Kh8 29. Nxd7 Qxd7 30. Qg4 Qe7 1-0

[Event "LTU-ch U12"]
[Site "Kaunas"]
[Date "2017.04.10"]
[Round "8"]
[White "Rackauskas, Karolis"]
[Black "Liandzbergas, Mykolas"]
[Result "1/2-1/2"]
[WhiteElo "1439"]
[BlackElo "1436"]
[PlyCount "121"]
[EventDate "2017.04.05"]
[EventType "swiss"]
[EventRounds "8"]
[EventCountry "LTU"]
[SourceTitle "CBM 177 Extra"]
[Source "ChessBase"]
[SourceDate "2017.04.27"]
[SourceVersion "1"]
[SourceVersionDate "2017.04.27"]
[SourceQuality "1"]

1. e4 e5 2. Nf3 Nc6 3. Bb5 a6 4. Ba4 Nf6 5. 0-0 b5 6. Bb3 Be7 7. Re1 0-0 8. c3 d5 9. d4 dxe4 10. Nxe5 Nxe5 11. dxe5 Qxd1 12. Bxd1 Nd7 13. Bf4 Bb7 14. Nd2 Nc5 15. Bc2 Nd3 16. Bxd3 exd3 17. Re3 Rad8 18. Rg3 Kh8 19. Rd1 c5 20. Bg5 Bxg5 21. Rxg5 c4 22. b3 Bd5 23. Rg4 Be6 24. Rh4 Rc8 25. Rc1 Rfd8 26. b4 a5 27. a3 axb4 28. axb4 Ra8 29. Kf1 Ra2 30. Ke1 h6 31. Kd1 Kh7 32. f4 Rda8 33. h3 Ra1 34. f5 Bxf5 35. Rd4 Rxc1+ 36. Kxc1 Ra1+ 37. Kb2 Rd1 38. Nf3 Rf1 39. Rf4 d2 40. Ng5+ hxg5 41. Rxf1 Be4 42. Rd1 Bxg2 43. Rxd2 Bxh3 44. Rd5 g4 45. Rxb5 g3 46. e6 Bxe6 47. Rg5 f5 48. Rxg3 f4 49. Rg1 Kh6 50. Kc2 g5 51. Kd2 Kg6 52. Ke2 Kf5 53. Ra1 Ke4 54. Ra8 Bg4+ 55. Kf2 Bd7 56. Rb8 g4 57. Rd8 Bb5 58. Rd4+ Ke5 59. Rd1 g3+ 60. Kf1 Ke4 61. Kg2 1/2-1/2

[Event "LTU-ch U12"]
[Site "Kaunas"]
[Date "2017.04.09"]
[Round "7"]
[White "Liandzbergas, Mykolas"]
[Black "Koliasnikovas, Denis"]
[Result "1-0"]
[WhiteElo "1436"]
[BlackElo "1336"]
[PlyCount "61"]
[EventDate "2017.04.05"]
[EventType "swiss"]
[EventRounds "8"]
[EventCountry "LTU"]
[SourceTitle "CBM 177 Extra"]
[Source "ChessBase"]
[SourceDate "2017.04.27"]
[SourceVersion "1"]
[SourceVersionDate "2017.04.27"]
[SourceQuality "1"]

1. e4 c5 2. d4 cxd4 3. c3 dxc3 4. Nxc3 Nc6 5. Bf4 g6 6. Nf3 Bg7 7. Bc4 e6 8. 0-0 Nge7 9. e5 a6 10. Ne4 0-0 11. Qe1 b5 12. Bb3 Bb7 13. Nd6 Qc7 14. Rc1 f6 15. exf6 Bxf6 16. Bxe6+ Kg7 17. Nf5+ Nxf5 18. Bxc7 dxe6 19. Be5 Nxe5 20. Nxe5 Nd4 21. Qe3 Nf5 22. Qe1 Nh4 23. Rc7+ Kg8 24. Rxb7 Rad8 25. Nd7 Rf7 26. Qxe6 Rdxd7 27. Rxd7 Kh8 28. Qxf7 Nf3+ 29. gxf3 Be7 30. Qxe7 Kg8 31. Qg7# 1-0

[Event "Wch U10"]
[Site "Batumi"]
[Date "2016.10.23"]
[Round "5"]
[White "Laturkar, Iraj"]
[Black "Liandzbergas, Mykolas"]
[Result "0-1"]
[WhiteElo "1043"]
[BlackElo "1501"]
[PlyCount "54"]
[EventDate "2016.10.19"]
[EventType "swiss"]
[EventRounds "11"]
[EventCountry "GEO"]
[SourceTitle "CBM 175 Extra"]
[Source "ChessBase"]
[SourceDate "2016.12.12"]
[SourceVersion "1"]
[SourceVersionDate "2016.12.12"]
[SourceQuality "1"]

1. e4 e5 2. Nf3 Nc6 3. Bc4 Nf6 4. Ng5 d5 5. exd5 Na5 6. Bb5+ c6 7. dxc6 bxc6 8. Qf3 Be7 9. Nc3 Bd7 10. Bd3 0-0 11. 0-0 c5 12. Nge4 c4 13. Be2 Bc6 14. d3 cxd3 15. Bxd3 Nd5 16. Qg3 Nxc3 17. Nxc3 Bf6 18. Rd1 Qe7 19. Qg4 Rad8 20. Bh6 Kh8 21. Qf5 e4 22. Nxe4 Rd5 23. Qf3 Be5 24. Qh3 Rxd3 25. cxd3 gxh6 26. Qxh6 Bxb2 27. Rab1 Bg7 0-1

[Event "Plunge op 36th"]
[Site "Plateliai"]
[Date "2016.07.19"]
[Round "3"]
[White "Pluta, Paulius"]
[Black "Liandzbergas, Mykolas"]
[Result "1-0"]
[WhiteElo "1724"]
[BlackElo "1445"]
[PlyCount "39"]
[EventDate "2016.07.18"]
[EventType "swiss"]
[EventRounds "9"]
[EventCountry "LTU"]
[SourceTitle "EXT 2018"]
[Source "ChessBase"]
[SourceDate "2017.10.13"]
[SourceVersion "1"]
[SourceVersionDate "2017.10.13"]
[SourceQuality "1"]

1. e4 e5 2. Nf3 Nc6 3. d4 exd4 4. Bc4 d6 5. c3 d3 6. Qb3 Qe7 7. 0-0 Ne5 8. Nxe5 dxe5 9. f4 exf4 10. Bxf4 Nf6 11. Nd2 g6 12. e5 Ng4 13. Ne4 Bf5 14. Qxb7 Bxe4 15. Bb5+ Kd8 16. Qxe4 Rb8 17. Qd5+ Kc8 18. Ba6+ Rb7 19. Qxb7+ Kd7 20. Qd5+ 1-0

[Event "Panevezys op U1600"]
[Site "Panevezys"]
[Date "2015.12.06"]
[Round "8"]
[White "Liandzbergas, Mykolas"]
[Black "Aleknavicius, Andrius"]
[Result "1/2-1/2"]
[WhiteElo "1352"]
[BlackElo "1477"]
[PlyCount "55"]
[EventDate "2015.12.04"]
[EventType "swiss"]
[EventRounds "8"]
[EventCountry "LTU"]
[SourceTitle "CBM 169 Extra"]
[Source "ChessBase"]
[SourceDate "2015.12.18"]
[SourceVersion "1"]
[SourceVersionDate "2015.12.18"]
[SourceQuality "1"]

1. e4 c6 2. d4 d5 3. e5 Bf5 4. Nc3 e6 5. g4 Bg6 6. Nge2 h6 7. h4 Nd7 8. Nf4 Ne7 9. h5 Bh7 10. Bd3 Bxd3 11. Qxd3 Qc7 12. Bd2 0-0-0 13. 0-0-0 Kb8 14. Rhe1 a6 15. Nfe2 c5 16. f4 Nc6 17. Be3 c4 18. Qd2 b5 19. Nb1 Nb4 20. Nec3 Qa5 21. a3 Nc6 22. f5 Ka8 23. Ne2 b4 24. axb4 Bxb4 25. c3 Rb8 26. fxe6 fxe6 27. Nf4 Rhe8 28. Qc2 1/2-1/2

[Event "Panevezys op U1600"]
[Site "Panevezys"]
[Date "2015.12.06"]
[Round "7"]
[White "Liandzbergas, Mykolas"]
[Black "Andriulevicius, Kestutis"]
[Result "1-0"]
[WhiteElo "1352"]
[BlackElo "1537"]
[PlyCount "21"]
[EventDate "2015.12.04"]
[EventType "swiss"]
[EventRounds "8"]
[EventCountry "LTU"]
[SourceTitle "CBM 169 Extra"]
[Source "ChessBase"]
[SourceDate "2015.12.18"]
[SourceVersion "1"]
[SourceVersionDate "2015.12.18"]
[SourceQuality "1"]

1. e4 c5 2. d4 cxd4 3. c3 dxc3 4. Nxc3 e6 5. Bf4 Nc6 6. Bc4 d6 7. Nf3 a6 8. 0-0 Be7 9. Qe2 b5 10. Bb3 Nf6 11. Rad1 1-0

[Event "Panevezys op U1600"]
[Site "Panevezys"]
[Date "2015.12.04"]
[Round "2"]
[White "Liandzbergas, Mykolas"]
[Black "Boyajyan, David"]
[Result "0-1"]
[WhiteElo "1352"]
[BlackElo "1486"]
[PlyCount "56"]
[EventDate "2015.12.04"]
[EventType "swiss"]
[EventRounds "8"]
[EventCountry "LTU"]
[SourceTitle "CBM 169 Extra"]
[Source "ChessBase"]
[SourceDate "2015.12.18"]
[SourceVersion "1"]
[SourceVersionDate "2015.12.18"]
[SourceQuality "1"]

1. e4 e6 2. d4 d5 3. Nd2 c5 4. c3 Nc6 5. Bb5 a6 6. Bxc6+ bxc6 7. Qa4 Bd7 8. dxc5 Bxc5 9. Ngf3 Be7 10. e5 c5 11. Qc2 Bb5 12. a4 Bc6 13. 0-0 f6 14. Re1 Qc8 15. Nb3 c4 16. Nbd4 f5 17. Nxc6 Qxc6 18. Nd4 Qc8 19. Qd1 Bc5 20. Be3 Bxd4 21. Bxd4 Ne7 22. f4 Nc6 23. a5 Nxd4 24. cxd4 Rb8 25. Qc2 Qb7 26. Qa4+ Qb5 27. Qxb5+ Rxb5 28. g3 Kd7 0-1

[Event "EU-ch U10 25th"]
[Site "Porec"]
[Date "2015.09.21"]
[Round "1"]
[White "Povilaitis, Tomas"]
[Black "Liandzbergas, Mykolas"]
[Result "1-0"]
[WhiteElo "1763"]
[BlackElo "1292"]
[PlyCount "40"]
[EventDate "2015.09.21"]
[EventType "swiss"]
[EventRounds "9"]
[EventCountry "CRO"]
[SourceTitle "EXT 2016"]
[Source "ChessBase"]
[SourceDate "2015.10.08"]
[SourceVersion "1"]
[SourceVersionDate "2015.10.08"]
[SourceQuality "1"]

1. d4 d5 2. c3 e6 3. Bf4 c5 4. e3 cxd4 5. exd4 Nc6 6. Bd3 Bd6 7. Bxd6 Qxd6 8. Nf3 Nf6 9. 0-0 0-0 10. Re1 Ne7 11. Nbd2 Ng6 12. Ne5 b6 13. Bb1 Nd7 14. Ndf3 Ndxe5 15. Nxe5 a5 16. Qh5 Qd8 17. Bd3 Qh4 18. Bxg6 Qxh5 19. Bxh5 f6 20. Nd3 g6 1-0

[Event "Panevezys op-B 28th"]
[Site "Panevezys"]
[Date "2015.08.22"]
[Round "8"]
[White "Andrusaitis, Antanas"]
[Black "Liandzbergas, Mykolas"]
[Result "1-0"]
[WhiteElo "1457"]
[BlackElo "1300"]
[PlyCount "20"]
[EventDate "2015.08.17"]
[EventType "swiss"]
[EventRounds "9"]
[EventCountry "LTU"]
[SourceTitle "EXT 2016"]
[Source "ChessBase"]
[SourceDate "2015.10.08"]
[SourceVersion "1"]
[SourceVersionDate "2015.10.08"]
[SourceQuality "1"]

1. e4 e5 2. Bc4 Nc6 3. Nc3 Nf6 4. h3 d6 5. a3 Be7 6. Nf3 0-0 7. 0-0 Be6 8. Bxe6 fxe6 9. d3 d5 10. Ng5 Qd7 1-0